000 00289nam a22001337a 4500
008 180129b xxu||||| |||| 00| 0 eng d
020 _a9780205292660
041 _aeng
080 _a37
100 _a46
101 _aEDU
245 _aMULTIPLE INTELLIGENCES
_cROBIN.F
942 _2udc
_cBK
999 _c41138
_d41138